000 01477nam0a2200325 4500
001 RU\NLR\BIBL_A\022708907
005 20260330164757.0
010 _a978-5-6052715-7-4
_91000
021 _aRU
_bКН-П-25-074482
_9КН-П-25-7224
035 _a(NLR Aleph) 022708907
090 _a13647079
_c13647079
100 _a20260126d2025 c y0rusy50 ca
101 0 _arus
102 _aRU
105 _aa z 000fy
181 0 _ai3
_baxxe
182 0 _an
200 1 _aТакие нужные люди
_eрассказы
_e[для детей о профессиях
_eдля младшего школьного возраста]
_fЕлена Амбросова
_gнарисовал Александр Яковлев
203 _aТекст
_bвизуальный
_cнепосредственный
210 _aСанкт-Петербург
_cСанкт-Петербургское отделение Общероссийской общественной организации "Союз писателей России"
_cДом детской книги
_d2025
215 _a62, [1] с.
_cцв. ил.
_d22
333 _a6+
686 0 _aШ9(2)60=Р7-4
700 1 _aАмбросова
_bЕ. Н.
_gЕлена Николаевна
702 1 _aЯковлев
_bА. В.
_cхудожник
_f1974-
_gАлександр Васильевич
_3RU\NLR\AUTH\7753298
_4440
942 _cBOOK
980 _aNB